Atrévete : (Registro nro. 11264)

Detalles MARC
000 -LIDER
fixed length control field 01132nam a22003137a 4500
001 - NÚMERO DE CONTROL
Identificador de número de control 000454
003 - IDENTIFICACDOR DE NÚMERO DE CONTROL
control field DO-SdBPM
005 - DATE AND TIME OF LATEST TRANSACTION
control field 20241213095015.0
007 - CAMPOS FIJOS DE DESCRIPCIÓN FÍSICA
fixed length control field 000454
008 - ELEMENTOS DE LONGITUD FIJA
fixed length control field 160831b2009 sp |||| 00| 0 spa d
020 ## - ISBN
International Standard Book Number 8403100756
040 ## - FUENTE DE CATALOGACIÓN
Agencia que crea de manera original el registro DO-SdBPM
Idioma de catalogación spa
Agencia que realiza la transcripción BPMSU
082 #4 - NÚMERO DE CLASIFICACIÓN DECIMAL DE DEWEY
Classification number 133.142
Item number C266a 2009
Edition number 22
092 ## - LOCALLY ASSIGNED DEWEY DECIMAL CALL NUMBER
Número de clasificación xxxxx
Número de ítem (Cutter) xxxxxx
100 1# - ASIENTO PRINCIPAL -- NOMBRE PERSONAL
Nombre personal Cárdenas, Javier,
Fechas asociadas con el nombre 1970-
245 10 - MENCIÓN DE TITULO
Título Atrévete :
Subtítulo con los límites de la realidad : casos reales de los oyentes del programa explicados por Pedro Palao Pons /
Mención de responsabilidad Javier Cárdenas, Pedro Palao Pons
260 ## - PUBLICACIÓN, DISTRIBUCIÓN, ETC. (PIE DE IMPRENTA)
Lugar de publicación, distribución, etc Madrid :
Nombre del editor, distribuidor, etc. Sociedad Española Radiodifusión
Fecha de publicación, distribución, etc 2009
300 ## - DESCRIPCIÓN FÍSICA
Extensión 245 p. ;
Dimensiones 24 cm.
500 ## - NOTA GENERAL
Nota general Incluye datos biográficos de los autores en la solapa de la cubierta
500 ## - NOTA GENERAL
Nota general En la portada: Cadena dial
590 ## - NOTA LOCAL
Texto de la nota local Inventariado, 2024/VM
650 4# - ENCABEZAMIENTO DE MATERIA--TEMÁTICO
Término temático o nombre geográfico como elemento de entrada Duendes
Subdivisión de forma Estudio de casos
650 4# - ENCABEZAMIENTO DE MATERIA--TEMÁTICO
Término temático o nombre geográfico como elemento de entrada Parapsicología
Subdivisión de forma Estudio de casos
650 4# - ENCABEZAMIENTO DE MATERIA--TEMÁTICO
Término temático o nombre geográfico como elemento de entrada Fantasmas
Subdivisión de forma Estudio de casos.
650 4# - ENCABEZAMIENTO DE MATERIA--TEMÁTICO
Término temático o nombre geográfico como elemento de entrada Percepción extrasensorial
Subdivisión de forma Estudio de casos.
700 1# - ASIENTO SECUNDARIO -- NOMBRE PERSONAL
Nombre personal Palao Pons, Pedro
Mención de responsabilidad autor
910 ## - VALIDACIÓN
Validación VMateo V. Control de calidad. BPMSU
942 ## - ADDED ENTRY ELEMENTS (KOHA)
Source of classification or shelving scheme Dewey Decimal Classification
Koha item type Libros
Existencias
Withdrawn status Lost status Source of classification or shelving scheme Damaged status Not for loan Collection code Home library Current library Date acquired Source of acquisition Total Checkouts Full call number Barcode Date last seen Price effective from Koha item type Copy number
    Dewey Decimal Classification     Colección General Biblioteca Pública Metropolitana Salomé Ureña Biblioteca Pública Metropolitana Salomé Ureña 08/31/2016 Alfaguara   BPMSU CG 133.142 C266a 2009 BPMSU16080372 08/31/2016 08/31/2016 Libros  
    Dewey Decimal Classification     Colección General Biblioteca Pública Metropolitana Salomé Ureña Biblioteca Pública Metropolitana Salomé Ureña 09/01/2016 Alfaguara   BPMSU CG 133.142 C266a 2009 BPMSU16090004 09/01/2016 09/01/2016 Libros e.2
    Dewey Decimal Classification     Colección General Biblioteca Pública Metropolitana Salomé Ureña Biblioteca Pública Metropolitana Salomé Ureña 09/01/2016 Alfaguara   BPMSU CG 133.142 C266a 2009 BPMSU16090005 09/01/2016 09/01/2016 Libros e. 3